00863nam a2200217 a 4500001001000000005001700010008004100027020001500068050002200083100003700105245010300142260004800245300003200293440006100325504003200386610007000418650003000488942001100518999001300529952010300542BRCA_105720190320203248.0170408s2001----sp-a---###---#000-0#spa-# a8492323469 4aNB1230b.C66 20011 aCoppel Aréizaga, Rosario9348310aPequeños bronces en la Fundación Lázaro Galdianobsiglos XVI-XIXcRosario Coppel Aréizaga. aMadridbFundación Lázaro Galdianoc2001 a278 p.bil. a colorc24 cm. 0aCatálogos de la Fundación Lázaro Galdianon493484 aBibliografía : p. 249-25824aFundación Lázaro Galdiano (Madrid)xColecciones de arte9348514aEscultura en bronce93486 2lcccB c936d936 00104070aBRCAbBRCAd2008-06-26l0oNB1230 .C66 2001p01544r2019-03-22 00:00:00w2019-03-22yB